| 000 | 00508nam a22001577a 4500 | ||
|---|---|---|---|
| 999 |
_c11117 _d11117 |
||
| 008 | 160414b xxu||||| |||| 00| 0 eng d | ||
| 020 | _a043592303 | ||
| 050 | _aQC 23 .J67 2010 | ||
| 100 | _aNelkon, Michael | ||
| 245 |
_aAdvanced level physics/ _cMichael Nelkon. |
||
| 260 |
_aNew delhi; _bHeinemann Educational Publishers, _c2010. |
||
| 300 |
_axv, 927p. : _bill; _c24 cm. |
||
| 500 | _aIncludes index. | ||
| 650 | _aPhysics | ||
| 700 | _a Parker Philip | ||
| 942 |
_2lcc _cBOOKS _01 |
||